| 000 | 00534nam a2200157Ia 4500 | ||
|---|---|---|---|
| 008 | 090124s9999 xx 000 0 und d | ||
| 020 | _a81-88909-08-4 | ||
| 082 | _b45115 | ||
| 245 | _a पर्यावरण शास्त्र शब्दकोश | ||
| 250 | _a0 | ||
| 300 | _a280 | ||
| 630 | _a पर्यावरण शास्त्र शब्दकोश | ||
| 700 | _aसाळी चेतन शंकर | ||
| 730 | _a पर्यावरण शास्त्र शब्दकोश | ||
| 942 | _cBOOK | ||
| 999 |
_c111332 _d111332 |
||